The law of evidence : (Record no. 181392)
[ view plain ]
| 000 -LEADER | |
|---|---|
| fixed length control field | 00706nam a22002057a 4500 |
| 005 - DATE AND TIME OF LATEST TRANSACTION | |
| control field | 20210910165312.0 |
| 010 ## - LCCN (DPL NO) | |
| LC control number | ENG-129910 |
| 020 ## - INTERNATIONAL STANDARD BOOK NUMBER | |
| International Standard Book Number | 978-93-8651-546-9 |
| Terms of availability | 750.00 |
| 035 ## - SYSTEM CONTROL NUMBER | |
| System control number | EN-113442 |
| 037 ## - SOURCE OF ACQUISITION | |
| Source of stock number/acquisition | DBAD/PUB |
| 082 ## - DEWEY DECIMAL CLASSIFICATION NUMBER | |
| Classification number | 345.5406 |
| 100 ## - MAIN ENTRY--PERSONAL NAME | |
| Dates associated with a name | Ratanlal |
| 245 ## - TITLE STATEMENT | |
| Title | The law of evidence : |
| Statement of responsibility, etc | by Ratanlal & Dhirajlal |
| 250 ## - EDITION STATEMENT | |
| Edition statement | 25th ed. |
| 260 ## - PUBLICATION, DISTRIBUTION, ETC. (IMPRINT) | |
| Name of publisher, distributor, etc | Lexis Nexis |
| Place of publication, distribution, etc | India |
| Date of publication, distribution, etc | 2018 |
| 270 ## - ADDRESS | |
| City | Gurgaon |
| Postal code | 122002 |
| Address | 14th Floor , Building No 10, Tower-B, DLF Cyber City, phase -ll |
| Telephone number | +91 124 4774444 |
| Fax number | +91 124 4774100 |
| Electronic mail address | help.in@lexisnexis.com |
| 300 ## - PHYSICAL DESCRIPTION | |
| Extent | v.p. |
| Dimensions | 25cm(hbk) |
| 500 ## - GENERAL NOTE | |
| General note | including the criminal law (amendment) ordinance,2018 |
| 942 ## - ADDED ENTRY ELEMENTS (KOHA) | |
| Source of classification or shelving scheme | Dewey Decimal Classification |
| Item type | English Books |
| Classification part | 345.5406 |
| Call number suffix | RAT |
| Withdrawn status | Lost status | Not for loan | Collection code | Home library | Current library | Date acquired | Source of acquisition | Cost, normal purchase price | Full call number | Barcode | Copy number | Cost, replacement price | Koha item type |
|---|---|---|---|---|---|---|---|---|---|---|---|---|---|
| Reference | Central Library | Central Library | 10/09/2021 | DBAD/PUB | 750.00 | 345.5406 RAT | EN-113442 | 1 | 750.00 | English Books |
